MARC details
| 000 -LEADER |
| fixed length control field |
01343cam a2200349 a 4500 |
| 001 - CONTROL NUMBER |
| control field |
12228174 |
| 003 - CONTROL NUMBER IDENTIFIER |
| control field |
BDDh-ASL |
| 005 - DATE AND TIME OF LATEST TRANSACTION |
| control field |
20240117062541.0 |
| 008 - FIXED-LENGTH DATA ELEMENTS--GENERAL INFORMATION |
| fixed length control field |
170223s1999 bg | b 001 0 eng |
| 010 ## - LIBRARY OF CONGRESS CONTROL NUMBER |
| LC control number |
99934878 |
| Canceled/invalid LC control number |
99461708 |
| 020 ## - INTERNATIONAL STANDARD BOOK NUMBER |
| International Standard Book Number |
9843104056 |
| 025 ## - OVERSEAS ACQUISITION NUMBER |
| Overseas acquisition number |
B-E-99-934878; 04; 21 |
| 035 ## - SYSTEM CONTROL NUMBER |
| System control number |
(DLC) 99934878 |
| 037 ## - SOURCE OF ACQUISITION |
| Source of stock number/acquisition |
Library of Congress -- New Delhi Field Office |
| Terms of availability |
Tk500.00 ($25.00 U.S.) |
| 040 ## - CATALOGING SOURCE |
| Original cataloging agency |
DLC |
| Transcribing agency |
BDDh-ASL |
| Modifying agency |
BDDh-ASL |
| 042 ## - AUTHENTICATION CODE |
| Authentication code |
lcode |
| 043 ## - GEOGRAPHIC AREA CODE |
| Geographic area code |
az----- |
| 050 00 - LIBRARY OF CONGRESS CALL NUMBER |
| Classification number |
KNC156 |
| Item number |
.S47 1999 |
| 082 00 - DEWEY DECIMAL CLASSIFICATION NUMBER |
| Classification number |
348.97 |
| Item number |
SES |
| 100 1# - MAIN ENTRY--PERSONAL NAME |
| Personal name |
Serajuddin, Alamgir Muhammad. |
| 9 (RLIN) |
334 |
| 245 10 - TITLE STATEMENT |
| Title |
Shariʻa Law and Society : |
| Remainder of title |
Tradition and change in the Indian subcontinent / |
| Statement of responsibility, etc. |
Alamgir Muhammad Serajuddin. |
| 260 ## - PUBLICATION, DISTRIBUTION, ETC. |
| Place of publication, distribution, etc. |
Dhaka : |
| Name of publisher, distributor, etc. |
Asiatic Society of Bangladesh, |
| Date of publication, distribution, etc. |
1999. |
| 300 ## - PHYSICAL DESCRIPTION |
| Extent |
xiv, 388 p. : |
| Dimensions |
25 cm. |
| 440 ## - SERIES STATEMENT/ADDED ENTRY--TITLE |
| Title |
Asiatic Society of Bangladesh publication: |
| Volume/sequential designation |
no. 79 |
| 9 (RLIN) |
312 |
| 500 ## - GENERAL NOTE |
| General note |
Includes bibliographical index |
| 504 ## - BIBLIOGRAPHY, ETC. NOTE |
| Bibliography, etc. note |
Includes bibliographical references (p. [356]-377) and index. |
| 650 #0 - SUBJECT ADDED ENTRY--TOPICAL TERM |
| Topical term or geographic name entry element |
Domestic relations (Islamic law) |
| Geographic subdivision |
South Asia. |
| -- |
India |
| -- |
Bangladesh |
| General subdivision |
Religion |
| 9 (RLIN) |
335 |
| 710 1# - ADDED ENTRY--CORPORATE NAME |
| Corporate name or jurisdiction name as entry element |
Asiatic Society of Bangladesh. |
| 9 (RLIN) |
11 |
| 906 ## - LOCAL DATA ELEMENT F, LDF (RLIN) |
| a |
7 |
| b |
cbc |
| c |
origode |
| d |
2 |
| e |
ncip |
| f |
19 |
| g |
y-gencatlg |
| 942 ## - ADDED ENTRY ELEMENTS (KOHA) |
| Source of classification or shelving scheme |
Dewey Decimal Classification |
| Koha item type |
Books |